[Event "46th Sparkassen Open"]
[Site "Dortmund GER"]
[Date "2018.07.17"]
[Round "4.21"]
[White "Biermann, Lenhard"]
[Black "Homfeldt, Christopher"]
[Result "1-0"]
[WhiteElo "2051"]
[BlackElo "1818"]
[WhiteFideId "12970077"]
[BlackFideId "16220293"]
[EventDate "2018.07.14"]

1. d4 Nf6 2. Nf3 c5 3. c4 cxd4 4. Nxd4 e5 5. Nf3 Nc6 6. g3 d5 7. cxd5 Nxd5 8.
Bg2 Bb4+ 9. Nfd2 O-O 10. O-O Be6 11. a3 Ba5 12. b4 Bb6 13. Bb2 Nd4 14. e3 Nc6
15. b5 Na5 16. Bxe5 Bxe3 17. fxe3 Nxe3 18. Qe2 Qb6 19. Qf2 Nxf1 20. Qxb6 axb6
21. Kxf1 Nc4 22. Bf4 f6 23. Nxc4 Bxc4+ 24. Kf2 Bxb5 25. Bxb7 Ra7 26. Bd5+ Kh8
27. Nc3 Bd7 28. Bd6 Rc8 29. Bb4 Rac7 30. Rc1 Bc6 31. Be6 Bd7 32. Bd5 Bc6 33. Bc4
Be8 34. Ba6 Ra8 35. Re1 Bg6 36. Bf1 Rac8 37. Re3 Rd8 38. Re2 Bh5 39. Rb2 Rdc8
40. Rc2 Bg6 41. Rd2 Bf7 42. Bh3 Ra8 43. Nd5 Bxd5 44. Rxd5 Rc2+ 45. Kg1 Rc1+ 46.
Bf1 h6 47. Rd2 Rac8 48. Kf2 R8c2 49. h4 Rxd2+ 50. Bxd2 Rc2 51. Ke3 Ra2 52. Bb4
Kh7 53. Bd3+ Kh8 54. h5 Rh2 55. g4 Rh3+ 56. Kd4 g5 57. Bf5 Kg7 58. Kc4 Kf7 59.
Kb5 1-0

[Event "46th Sparkassen Open"]
[Site "Dortmund GER"]
[Date "2018.07.17"]
[Round "4.23"]
[White "Windfuhr, Thomas"]
[Black "Boecker, Juergen"]
[Result "1-0"]
[WhiteElo "2231"]
[BlackElo "1877"]
[WhiteFideId "4658477"]
[BlackFideId "12915904"]
[EventDate "2018.07.14"]

1. d4 Nf6 2. c4 g6 3. Nc3 Bg7 4. e4 d6 5. f3 O-O 6. Be3 Nc6 7. Qd2 e5 8. d5 Nd4
9. Nge2 Nxe2 10. Bxe2 c6 11. O-O-O c5 12. g4 Qa5 13. h4 h5 14. Rdg1 b5 15. cxb5
a6 16. gxh5 Nxh5 17. Bh6 axb5 18. Bxb5 Ba6 19. Bxa6 Rxa6 20. Bxg7 Kxg7 21. Rg5
Rh8 22. Rh2 Qd8 23. Kb1 Nf4 24. Rg4 Nh5 25. Ne2 Qa5 26. Qxa5 Rxa5 27. Rg1 Kf6
28. Rc1 Rha8 29. a3 Rb8 30. Ka2 Rab5 31. Nc3 Rb3 32. Rcc2 Ke7 33. Rhe2 f5 34.
Re3 f4 35. Re1 Ng3 36. Rf2 R3b7 37. Rb1 Rh8 38. Rh2 Rhb8 39. b3 Rb6 40. a4 Rh8
41. Nb5 Rh5 42. b4 cxb4 43. Rc1 Rb7 44. Rc6 b3+ 45. Kxb3 g5 46. Kb4 gxh4 47. a5
Rb8 48. a6 Rhh8 49. a7 Rb7 50. Rxh4 Rxa7 51. Rxh8 Ra1 52. Rh7+ 1-0

[Event "46th Sparkassen Open"]
[Site "Dortmund GER"]
[Date "2018.07.17"]
[Round "4.24"]
[White "Seref, Serkan"]
[Black "Oparaugo, Thomas"]
[Result "0-1"]
[BlackTitle "IM"]
[WhiteElo "1871"]
[BlackElo "2064"]
[WhiteFideId "16205561"]
[BlackFideId "8500207"]
[EventDate "2018.07.14"]

1. e4 e5 2. Nf3 Nc6 3. Bc4 Bc5 4. c3 Nf6 5. d3 d6 6. Bb3 Qe7 7. Qe2 Bb6 8. Be3
Bd7 9. Nbd2 h6 10. Nf1 Be6 11. Ng3 Qd7 12. h3 O-O-O 13. Bxb6 axb6 14. Bxe6 fxe6
15. O-O-O Rhe8 16. Rhe1 d5 17. Qc2 d4 18. c4 Qd6 19. a3 Kd7 20. Nd2 Ke7 21. Nb3
Nd7 22. Rf1 Rf8 23. Kb1 Na5 24. Nxa5 bxa5 25. Ne2 Ra8 26. Qd2 Rfb8 27. f4 b5 28.
fxe5 Nxe5 29. cxb5 Rxb5 30. Ka2 Rab8 31. Rb1 Qb6 32. Nc1 c5 33. a4 Rb4 34. Qc2
c4 35. b3 Nxd3 36. Nxd3 cxb3+ 37. Rxb3 Rxb3 38. Qf2 Ra3+ 0-1

[Event "46th Sparkassen Open"]
[Site "Dortmund GER"]
[Date "2018.07.17"]
[Round "4.25"]
[White "Groneberg, Joerg"]
[Black "Fuhlrott, Tim"]
[Result "1/2-1/2"]
[WhiteElo "2034"]
[BlackElo "1958"]
[WhiteFideId "12941638"]
[BlackFideId "16222431"]
[EventDate "2018.07.14"]

1. Nf3 f5 2. c4 Nf6 3. Nc3 d6 4. d4 g6 5. g3 Bg7 6. Bg2 O-O 7. O-O c6 8. d5 e5
9. Bg5 h6 10. Bxf6 Qxf6 11. e4 Na6 12. Rc1 f4 13. dxc6 bxc6 14. Qa4 Bb7 15. b4
c5 16. b5 Nc7 17. Rcd1 Rfd8 18. Qb3 Ne6 19. a4 Nd4 20. Nxd4 exd4 21. e5 Qf7 22.
e6 Qe7 23. Bxb7 dxc3 24. Bxa8 Rxa8 25. Rfe1 Rf8 26. Qc2 Kh7 27. a5 fxg3 28. hxg3
Bd4 29. Re2 h5 30. Qe4 Qf6 31. e7 Re8 32. Kg2 Kg7 33. f4 h4 34. g4 g5 35. fxg5
Qxg5 36. Rxd4 cxd4 37. Qxd4+ Kg8 38. Qd5+ Qxd5+ 39. cxd5 Kf7 40. Kh3 Rxe7 41.
Rc2 Rc7 42. b6 axb6 43. axb6 Rb7 44. Rxc3 Rxb6 45. Kxh4 Rb5 46. Rd3 Kg6 47. Rd4
Rc5 48. Kg3 Kg5 49. Kf3 Rc3+ 50. Ke4 Kxg4 51. Rd1 Rc4+ 52. Kd3 Rf4 53. Re1 Kf5
54. Re6 Rh4 55. Rxd6 Ke5 1/2-1/2

[Event "46th Sparkassen Open"]
[Site "Dortmund GER"]
[Date "2018.07.17"]
[Round "4.26"]
[White "Alghawi, Abdullah"]
[Black "Pahl, Theis"]
[Result "0-1"]
[WhiteElo "1916"]
[BlackElo "1959"]
[WhiteFideId "16259254"]
[BlackFideId "16201264"]
[EventDate "2018.07.14"]

1. e4 c5 2. Nf3 d6 3. d4 cxd4 4. Nxd4 Nf6 5. Nc3 a6 6. Bg5 e6 7. f4 h6 8. Bh4
Qb6 9. Nb3 Be7 10. Bf2 Qc7 11. Qd2 Nbd7 12. O-O-O b5 13. a3 Bb7 14. Qe2 Rc8 15.
Kb1 d5 16. exd5 Nxd5 17. Nxd5 Bxd5 18. Rxd5 exd5 19. g3 O-O 20. Qxe7 Qxc2+ 21.
Ka2 Qxf2 22. Bd3 Nf6 23. Qe5 Ne4 24. Ka1 Nc5 25. Nxc5 Qxc5 26. Qf5 g6 27. Qg4
Kg7 28. f5 Qd6 29. Rf1 a5 30. h4 b4 31. a4 b3 32. h5 Qb4 33. Qxb4 axb4 34. f6+
Kh8 35. a5 Rc6 36. Kb1 g5 37. a6 Rd8 38. Rf2 Kg8 39. g4 Kf8 40. Rf1 Rc5 41. Rc1
Rxc1+ 42. Kxc1 Rc8+ 43. Kd2 Ke8 44. Bb5+ Kd8 45. Ba4 Ra8 46. Bb5 Kc7 47. Ke3 Kb6
48. Bd3 Kc5 49. Kd2 Kd6 50. Ke3 Ke5 51. Bb5 Ra7 52. Bc6 Rc7 53. Bb5 Kxf6 54. Kd4
Ke6 55. Bd3 Kd6 56. Bb5 Rc2 57. Ba4 Rc4+ 58. Kd3 Rc7 59. Kd4 Ra7 60. Bb5 f6 61.
Bd3 Kc6 62. Be2 Re7 63. Bf3 Re5 64. a7 Kb7 65. a8=Q+ Kxa8 66. Bxd5+ Kb8 67. Bxb3
Re2 68. Kc5 Kc7 0-1

[Event "46th Sparkassen Open"]
[Site "Dortmund GER"]
[Date "2018.07.17"]
[Round "4.27"]
[White "Buechle, Manfred"]
[Black "Conrad, Joachim"]
[Result "0-1"]
[WhiteElo "2037"]
[BlackElo "2078"]
[WhiteFideId "4659368"]
[BlackFideId "24623083"]
[EventDate "2018.07.14"]

1. e4 d6 2. d4 Nf6 3. Nc3 Nbd7 4. f4 e5 5. Nf3 exd4 6. Qxd4 c6 7. Bc4 Be7 8.
Bxf7+ Kxf7 9. Ng5+ Kg8 10. Qc4+ d5 11. exd5 Nb6 0-1

[Event "46th Sparkassen Open"]
[Site "Dortmund GER"]
[Date "2018.07.18"]
[Round "5.1"]
[White "Luft, Dennis"]
[Black "Hausrath, Daniel"]
[Result "0-1"]
[BlackTitle "GM"]
[WhiteElo "2322"]
[BlackElo "2495"]
[WhiteFideId "24623717"]
[BlackFideId "4617495"]
[EventDate "2018.07.14"]

1. e4 c5 2. d3 Nc6 3. Be2 g6 4. f4 Bg7 5. Nf3 d6 6. O-O Nf6 7. Kh1 b5 8. c3 Rb8
9. Be3 b4 10. Qc2 bxc3 11. bxc3 Qa5 12. Nfd2 Ba6 13. Bf3 Nd7 14. e5 Qc7 15. exd6
exd6 16. Na3 Ne7 17. Be2 Nd5 18. Qa4 O-O 19. Qxa6 Nxe3 20. Nb5 Qb6 21. Qxb6 Rxb6
22. Rf3 Rxb5 23. Rxe3 Bxc3 24. Rd1 Bxd2 25. Rxd2 Rb1+ 26. Rd1 Rfb8 27. Kg1 Rxd1+
28. Bxd1 Rb1 29. Re1 Nf6 30. Kf2 Nd5 31. Re8+ Kg7 32. Bb3 Nxf4 33. Rd8 Nxd3+ 34.
Kg3 Nc1 35. Bd5 Ne2+ 36. Kf3 Nc3 37. Bc6 Rb6 38. Rc8 Nxa2 39. Rc7 Nb4 40. Be8
Rb8 0-1

[Event "46th Sparkassen Open"]
[Site "Dortmund GER"]
[Date "2018.07.18"]
[Round "5.2"]
[White "Jugelt, Tobias"]
[Black "Nalbandian, Tigran"]
[Result "0-1"]
[WhiteTitle "IM"]
[BlackTitle "GM"]
[WhiteElo "2417"]
[BlackElo "2452"]
[WhiteFideId "4626150"]
[BlackFideId "13300245"]
[EventDate "2018.07.14"]

1. g3 Nf6 2. f4 d6 3. Nf3 g6 4. Bg2 Bg7 5. O-O c6 6. d3 Qb6+ 7. Kh1 d5 8. c3
Nbd7 9. Qe1 O-O 10. Na3 Re8 11. c4 e5 12. cxd5 cxd5 13. fxe5 Nxe5 14. Nxe5 Rxe5
15. Nc2 Bg4 16. e3 Rae8 17. Bd2 Bf5 18. Nb4 d4 19. e4 a5 20. Nc2 Be6 21. b4 a4
22. Bf4 Rh5 23. Kg1 Rc8 24. Qe2 Rc3 25. Rfc1 Ng4 26. h3 Ne5 27. Bxe5 Rxe5 28.
Ne1 Rg5 29. Qf2 Qxb4 30. Rcb1 Qd6 31. Qf4 Qxf4 32. gxf4 Rgc5 33. Rxb7 Bh6 34.
Rb4 a3 35. Rxd4 Bxf4 36. Kf2 Kg7 37. Ra4 Bc1 38. d4 R5c4 39. Rxc4 Bxc4 40. Bf1
Bb2 41. Rd1 Bxa2 42. Nd3 Bb3 0-1

[Event "46th Sparkassen Open"]
[Site "Dortmund GER"]
[Date "2018.07.18"]
[Round "5.3"]
[White "Webb, Laurence E"]
[Black "Kashlinskaya, Alina"]
[Result "0-1"]
[WhiteTitle "FM"]
[BlackTitle "IM"]
[WhiteElo "2306"]
[BlackElo "2435"]
[WhiteFideId "402389"]
[BlackFideId "4198026"]
[EventDate "2018.07.14"]

1. d4 Nf6 2. c4 e6 3. Nf3 d5 4. Nc3 Bb4 5. cxd5 exd5 6. Bg5 h6 7. Bxf6 Qxf6 8.
e3 O-O 9. Be2 c6 10. O-O Nd7 11. a3 Bd6 12. Bd3 Qe7 13. e4 dxe4 14. Nxe4 Nf6 15.
Nxd6 Qxd6 16. h3 Be6 17. Qd2 Rad8 18. Rad1 Bd5 19. Be2 Rfe8 20. Rfe1 Be4 21. Qc3
Nd5 22. Qc5 Qg6 23. Nh4 Qf6 24. g3 Nf4 25. Bf1 g5 26. gxf4 gxh4 27. Qc1 Qg7+ 28.
Kh2 Kh8 29. Rxe4 Rg8 0-1

[Event "46th Sparkassen Open"]
[Site "Dortmund GER"]
[Date "2018.07.18"]
[Round "5.4"]
[White "Nalbandyan, Vahan"]
[Black "Quast, Marcel"]
[Result "1-0"]
[WhiteElo "1848"]
[BlackElo "2247"]
[WhiteFideId "13309439"]
[BlackFideId "24663476"]
[EventDate "2018.07.14"]

1. e4 Nf6 2. Nc3 e5 3. Nf3 d6 4. d4 Nbd7 5. Bc4 Be7 6. O-O O-O 7. h3 c6 8. dxe5
dxe5 9. a4 Qc7 10. Qe2 Nc5 11. Rd1 Be6 12. Be3 Bxc4 13. Qxc4 Ne6 14. a5 h6 15.
Na4 Nd7 16. b4 Rfd8 17. Nb2 b5 18. axb6 axb6 19. Rxa8 Rxa8 20. b5 Nec5 21. bxc6
Qxc6 22. Qd5 Rc8 23. Nc4 Bf6 24. Nd6 Qxd5 25. Rxd5 Rd8 26. Nc4 Nxe4 27. Ncxe5
Nxe5 28. Rxd8+ Bxd8 29. Nxe5 Nd6 30. Nc6 Bg5 31. Bxb6 f5 32. Bc5 Ne4 33. Bb4 Kf7
34. Kf1 Bf6 35. Ke2 Ke6 36. Be1 Kd5 37. Nb4+ Kc4 38. Nd3 g5 39. g4 Nd6 40. Kf3
Bc3 41. gxf5 Nxf5 42. Kg4 Nd6 43. Kh5 Nf5 44. Kg6 Nh4+ 45. Kxh6 Nf3 46. Bxc3
Kxc3 47. Kh5 Kxc2 48. Nc5 Ng1 49. Kg4 Kd2 50. Ne4+ Ke2 51. Nxg5 Kxf2 52. h4 Ne2
53. h5 Nc3 54. h6 Nd5 55. Ne4+ Ke3 56. h7 1-0

[Event "46th Sparkassen Open"]
[Site "Dortmund GER"]
[Date "2018.07.18"]
[Round "5.5"]
[White "Schulz, Daniel"]
[Black "Kartsev, Soel"]
[Result "0-1"]
[WhiteElo "2078"]
[BlackElo "2222"]
[WhiteFideId "12960349"]
[BlackFideId "4130561"]
[EventDate "2018.07.14"]

1. d4 Nf6 2. c4 e6 3. g3 d5 4. Bg2 dxc4 5. Nf3 Nc6 6. Qa4 Qd5 7. Nc3 Bb4 8. O-O
Qa5 9. Qc2 O-O 10. e4 e5 11. dxe5 Bxc3 12. bxc3 Nxe5 13. Nxe5 Qxe5 14. Ba3 Re8
15. Rfd1 Qh5 16. f4 Bg4 17. Rd4 Be2 18. e5 Ng4 19. Qxe2 Qxh2+ 20. Kf1 Qxg3 21.
Rxc4 Ne3+ 22. Kg1 Nxc4 23. Qxc4 Rad8 24. Qxc7 Rd2 25. Qxb7 Qxc3 26. Rc1 Qxa3 27.
Qc6 Red8 28. Rc3 Qxa2 0-1

[Event "46th Sparkassen Open"]
[Site "Dortmund GER"]
[Date "2018.07.18"]
[Round "5.6"]
[White "Wagner, Alexej"]
[Black "Gallasch, Jonas"]
[Result "1-0"]
[WhiteElo "2313"]
[BlackElo "1903"]
[WhiteFideId "4129555"]
[BlackFideId "16222474"]
[EventDate "2018.07.14"]

1. d4 Nf6 2. c4 g6 3. Nc3 d5 4. cxd5 Nxd5 5. e4 Nxc3 6. bxc3 Bg7 7. Bc4 c5 8.
Ne2 Nc6 9. Be3 Qa5 10. O-O O-O 11. Rb1 a6 12. a4 cxd4 13. cxd4 e6 14. d5 exd5
15. Bb6 dxc4 16. Bxa5 Nxa5 17. Nf4 Nb3 18. Qd5 Bh6 19. g3 Rb8 20. Qxc4 Nd2 21.
Qc5 Nxf1 22. Kxf1 Bxf4 23. gxf4 Re8 24. f5 Bd7 25. Rb4 Bc6 26. f3 Rbc8 27. Qd4
Red8 28. Qf6 Rd7 29. Kf2 Rd2+ 30. Kg3 Rcd8 31. e5 R2d3 32. Rf4 Rf8 33. fxg6 hxg6
34. h4 Rd1 35. h5 Rh1 36. e6 Bd5 37. e7 Re8 38. Rh4 Rxh4 39. Kxh4 Kh7 40. h6
Kxh6 41. Qg5+ Kg7 42. Qe5+ f6 43. Qxd5 Rxe7 44. Kg4 Rc7 45. Qe6 Rf7 46. Kg3 Kf8
47. Kf4 Kg7 48. Kg4 Rf8 49. Qd6 Rf7 50. f4 Rf8 51. f5 g5 52. Qe7+ Rf7 53. Qe8 b5
54. a5 b4 55. Qb8 Rd7 56. Qxb4 Kf7 57. Qc4+ Ke7 58. Qe6+ 1-0

[Event "46th Sparkassen Open"]
[Site "Dortmund GER"]
[Date "2018.07.18"]
[Round "5.7"]
[White "Boehm, Juergen2"]
[Black "Savchenko, Daniel"]
[Result "1/2-1/2"]
[WhiteElo "2233"]
[BlackElo "2165"]
[WhiteFideId "4606434"]
[BlackFideId "12919195"]
[EventDate "2018.07.14"]

1. d4 d5 2. c4 e6 3. Nc3 Be7 4. cxd5 exd5 5. Bf4 c6 6. e3 Nf6 7. Bd3 O-O 8. Qc2
Nbd7 9. Nge2 Re8 10. f3 Nf8 11. Bg3 a6 12. Bf2 c5 13. dxc5 Bxc5 14. Nd1 Qa5+ 15.
Qd2 Bb4 16. Ndc3 Bd7 17. O-O Rac8 18. a3 Bd6 19. Ne4 Qxd2 20. Nxd2 Ne6 21. Nb3
Ba4 22. Nbd4 Nd7 23. Nc3 Nxd4 24. exd4 Bb3 25. Rfe1 Nb6 26. Bg3 Bf8 27. Bf5
Rxe1+ 28. Rxe1 Rc6 29. Re8 g6 30. Bd3 Rc8 31. Rxc8 Nxc8 32. Bf4 Nd6 33. Kf2 Nc4
34. Bc1 Bg7 35. Ne2 Bd1 36. Bxc4 dxc4 37. Be3 Kf8 38. Nc3 Bc2 39. Ke2 Ke7 40.
Kd2 Bf5 41. Nd5+ Kd6 42. Nb6 Bd3 43. Kc3 1/2-1/2

[Event "46th Sparkassen Open"]
[Site "Dortmund GER"]
[Date "2018.07.18"]
[Round "5.8"]
[White "Borchert, Rene"]
[Black "Biermann, Florian"]
[Result "1/2-1/2"]
[WhiteElo "2216"]
[BlackElo "2004"]
[WhiteFideId "12990671"]
[BlackFideId "12970069"]
[EventDate "2018.07.14"]

1. e4 c5 2. c3 g6 3. d4 cxd4 4. cxd4 d5 5. e5 Nc6 6. Nc3 Bg7 7. Bb5 Nh6 8. Qa4
Bd7 9. Bxh6 Bxh6 10. Nf3 O-O 11. O-O Bg4 12. Ne1 Bd2 13. Nc2 Rc8 14. Ne3 Bxc3
15. bxc3 Be6 16. Bxc6 Rxc6 17. Qxa7 Qa8 18. Qxa8 Rxa8 19. c4 Ra5 20. c5 Ra4 21.
Rfd1 b6 22. cxb6 Rxb6 23. Rd2 Rba6 24. f4 h5 25. Kf2 R6a5 26. Nd1 Ra3 27. Ne3
Bf5 28. Nxf5 gxf5 29. Ke2 R5a4 30. Kd1 Ra8 31. g3 e6 32. Re2 R8a4 33. Rd2 Ra8
34. Ke2 Kg7 35. Kf2 R8a4 36. Kg2 h4 37. Kf2 hxg3+ 38. hxg3 Kg6 39. Kg2 Kg7 40.
Kh3 Kg6 41. Kg2 1/2-1/2

[Event "46th Sparkassen Open"]
[Site "Dortmund GER"]
[Date "2018.07.18"]
[Round "5.9"]
[White "Baerwolf, Steven"]
[Black "Liedmann, Dennis"]
[Result "0-1"]
[WhiteElo "2172"]
[BlackElo "2088"]
[WhiteFideId "24658634"]
[BlackFideId "24671312"]
[EventDate "2018.07.14"]

1. b3 e5 2. Bb2 Nc6 3. e3 Nf6 4. Bb5 Bd6 5. Na3 Na5 6. Be2 O-O 7. Nb5 Re8 8.
Nxd6 cxd6 9. d4 e4 10. d5 b5 11. Bxb5 Nb7 12. Qd2 Ng4 13. Nh3 Nc5 14. Be2 Qh4
15. Qd4 Re5 16. Bxg4 Qxg4 17. f4 Ba6 18. Kf2 Rf8 19. Rae1 Bb7 20. Ng5 Qh4+ 21.
Ke2 f6 22. h3 Rfe8 23. Ba3 fxg5 24. Rhf1 gxf4 25. Rxf4 Rxd5 26. Qa1 Ba6+ 27. c4
Nd3 28. Rff1 Ne5 29. Bb2 Nxc4 0-1

[Event "46th Sparkassen Open"]
[Site "Dortmund GER"]
[Date "2018.07.18"]
[Round "5.10"]
[White "Kracht, Raphael"]
[Black "Steinle, Carsten"]
[Result "0-1"]
[WhiteElo "1900"]
[BlackElo "2159"]
[WhiteFideId "16214382"]
[BlackFideId "24676462"]
[EventDate "2018.07.14"]

1. e4 e6 2. d4 d5 3. Nd2 Nf6 4. e5 Nfd7 5. f4 c5 6. c3 Nc6 7. Ndf3 cxd4 8. cxd4
g6 9. g3 Bg7 10. Kf2 f6 11. Kg2 Qe7 12. Bd3 Nb6 13. Ne2 Bd7 14. a3 Rc8 15. Bd2
Nc4 16. b3 N4a5 17. Nc3 b6 18. Ba6 Rd8 19. Nb5 O-O 20. Nd6 Nxd4 21. Nxd4 fxe5
22. Bb4 exd4 23. Nb7 Qf7 24. Bxf8 Qxf8 25. Nxa5 bxa5 26. Bd3 a4 27. b4 a5 28. b5
Bxb5 29. Rb1 Bc4 30. Qe2 Bxd3 31. Qxd3 Rc8 32. Rhc1 Rc3 33. Qa6 Qf5 34. Re1 Re3
35. Qxa5 Bf8 36. Qd2 Qe4+ 37. Kg1 Bxa3 38. Rb8+ Bf8 39. Rbb1 a3 40. Ra1 h5 41.
Kf2 Qf3+ 42. Kg1 Qe4 43. Kf2 Bg7 44. Rad1 h4 45. gxh4 Qxf4+ 46. Kg1 Rxe1+ 47.
Qxe1 Qe3+ 48. Kf1 Qxe1+ 49. Kxe1 d3 50. Rd2 Bc3 0-1

[Event "46th Sparkassen Open"]
[Site "Dortmund GER"]
[Date "2018.07.18"]
[Round "5.11"]
[White "Heck, Norbert"]
[Black "Hoppe, Thilo"]
[Result "1-0"]
[WhiteTitle "FM"]
[WhiteElo "2227"]
[BlackElo "2107"]
[WhiteFideId "4622928"]
[BlackFideId "16219627"]
[EventDate "2018.07.14"]

1. Nf3 Nf6 2. c4 g6 3. g3 Bg7 4. Bg2 O-O 5. O-O d6 6. d4 Nc6 7. Nc3 a6 8. h3 Rb8
9. Be3 b5 10. Nd2 Qe8 11. cxb5 axb5 12. Rc1 Bd7 13. Nde4 Nxe4 14. Nxe4 e6 15.
Bh6 Qe7 16. Bxg7 Kxg7 17. d5 exd5 18. Qxd5 Rb6 19. Rfd1 Be6 20. Qd2 Rc8 21. Qc3+
f6 22. b3 Ne5 23. f4 Nd7 24. g4 b4 25. Qb2 d5 26. Ng5 Rd6 27. e4 Bg8 28. Re1
dxe4 29. Rxe4 Qf8 30. Rce1 Nc5 31. Re7+ Kh8 32. Bf1 h6 33. Nf3 Ne6 34. Nh4 Bf7
35. Qxf6+ Kg8 36. Bc4 Nd8 37. Bxf7+ Nxf7 38. R1e6 Rxe6 39. Qxe6 g5 40. Ng6 Qg7
41. Qxc8+ 1-0

[Event "46th Sparkassen Open"]
[Site "Dortmund GER"]
[Date "2018.07.18"]
[Round "5.12"]
[White "Topolewski, Dirk"]
[Black "Mueller, Frank3"]
[Result "1-0"]
[WhiteElo "2192"]
[BlackElo "2067"]
[WhiteFideId "4651600"]
[BlackFideId "24681318"]
[EventDate "2018.07.14"]

1. Nf3 Nf6 2. d4 g6 3. c4 Bg7 4. Nc3 d5 5. cxd5 Nxd5 6. Na4 Nb6 7. e4 Bg4 8. Be3
O-O 9. Nc5 Qc8 10. Qc2 Bxf3 11. gxf3 Nc6 12. O-O-O e5 13. dxe5 Nxe5 14. Be2 Ned7
15. Nd3 Ne5 16. Nf4 c6 17. h4 Rd8 18. h5 Rxd1+ 19. Rxd1 Qe8 20. hxg6 hxg6 21.
Qb3 Qe7 22. a4 Qf6 23. Nh3 Nxa4 24. Qxa4 1-0

[Event "46th Sparkassen Open"]
[Site "Dortmund GER"]
[Date "2018.07.18"]
[Round "5.13"]
[White "Heinert, Eugen"]
[Black "Puetter, Pascal"]
[Result "1/2-1/2"]
[WhiteElo "2200"]
[BlackElo "2002"]
[WhiteFideId "24621390"]
[BlackFideId "1271567"]
[EventDate "2018.07.14"]

1. d4 e6 2. Bf4 Nf6 3. e3 d5 4. Nd2 c5 5. c3 Nc6 6. Ngf3 Be7 7. Bd3 Nh5 8. Bg3
Nxg3 9. hxg3 h6 10. Qe2 cxd4 11. exd4 Qb6 12. Nf1 Bd7 13. Ne3 a6 14. Ng4 Bd6 15.
Rh5 Ne7 16. Nfe5 Bb5 17. Kf1 Bxe5 18. Nxe5 Nc6 19. Bxb5 axb5 20. Ng6 Nxd4 21.
cxd4 fxg6 22. Rxd5 O-O 23. Qxb5 Qc7 24. Re5 Rxa2 25. Rxa2 Qc2 26. Re2 Qb1+ 27.
Re1 Qxa2 28. Qxb7 Qc4+ 29. Re2 Qc1+ 30. Re1 Qc4+ 31. Kg1 Qxd4 32. Rf1 e5 33.
Qb3+ Kh7 34. Qc3 Rb8 35. Qxd4 exd4 36. Rb1 Rb3 37. Kf1 g5 38. Ke2 Kg6 39. g4 Kf6
40. Kd2 d3 41. Ke3 Ke5 42. g3 Kd5 43. Rd1 Rxb2 44. Rxd3+ Ke6 1/2-1/2

[Event "46th Sparkassen Open"]
[Site "Dortmund GER"]
[Date "2018.07.18"]
[Round "5.14"]
[White "Naidich, Vasily"]
[Black "Kueppers, Timo"]
[Result "0-1"]
[WhiteElo "2088"]
[BlackElo "2178"]
[WhiteFideId "13901281"]
[BlackFideId "16205820"]
[EventDate "2018.07.14"]

1. d4 Nf6 2. c4 g6 3. g3 Bg7 4. Bg2 O-O 5. Nc3 d6 6. Nf3 Nc6 7. O-O a6 8. b3 Rb8
9. Bb2 b5 10. cxb5 axb5 11. d5 Na5 12. Nd4 b4 13. Na4 Bd7 14. Rc1 Bxa4 15. bxa4
Nd7 16. Qd2 Nb6 17. Qc2 Qd7 18. Nc6 Nxc6 19. Bxg7 Kxg7 20. dxc6 Qf5 21. Qb2+ Kg8
22. Qxb4 Ra8 23. Qd2 Rxa4 24. Rc2 Rfa8 25. e4 Qa5 26. Qh6 Rxa2 27. Rxa2 Qxa2 28.
h4 Qb2 29. h5 Nc4 30. Qg5 Qe5 31. Qc1 Na5 32. hxg6 hxg6 33. Rd1 e6 34. f4 Qh5
35. Kf2 Nb3 36. Qc2 Qc5+ 37. Qxc5 Nxc5 38. e5 d5 39. g4 Ra6 40. Kg1 Nb3 41. Rd3
Nc1 42. Rd2 Rxc6 43. f5 Rc3 44. f6 Nd3 45. Re2 c5 46. Bf1 c4 47. g5 Rc1 48. Re3
Re1 49. Rg3 Nxe5 50. Ra3 Rb1 0-1

[Event "46th Sparkassen Open"]
[Site "Dortmund GER"]
[Date "2018.07.18"]
[Round "5.15"]
[White "Wolff, Christoph"]
[Black "Mroczek, Mathias"]
[Result "1/2-1/2"]
[WhiteElo "2026"]
[BlackElo "2140"]
[WhiteFideId "4648706"]
[BlackFideId "4643836"]
[EventDate "2018.07.14"]

1. e4 e6 2. d4 d5 3. exd5 exd5 4. Nf3 Bd6 5. Bd3 Ne7 6. c4 c6 7. O-O O-O 8. Bg5
f6 9. Be3 Be6 10. Qc2 dxc4 11. Bxh7+ Kh8 12. Qe4 Bg8 13. Bxg8 Kxg8 14. Qe6+ Rf7
15. Qxc4 Nd7 16. Nc3 Nb6 17. Qe6 Ned5 18. Ne4 Qe7 19. Qxe7 Bxe7 20. Nc5 Bxc5 21.
dxc5 Nxe3 22. fxe3 Nc4 23. Rf2 1/2-1/2

[Event "46th Sparkassen Open"]
[Site "Dortmund GER"]
[Date "2018.07.18"]
[Round "5.16"]
[White "Irkilmez, Yakub"]
[Black "Biermann, Lenhard"]
[Result "0-1"]
[WhiteElo "2126"]
[BlackElo "2051"]
[WhiteFideId "16204581"]
[BlackFideId "12970077"]
[EventDate "2018.07.14"]

1. d4 Nf6 2. c4 e6 3. Nf3 b6 4. g3 Ba6 5. Qc2 c5 6. Bg2 Bb7 7. O-O cxd4 8. Nxd4
Bxg2 9. Kxg2 Qc8 10. e4 d6 11. b3 Be7 12. Bb2 a6 13. Qe2 Qb7 14. Nd2 O-O 15.
Rfe1 Nc6 16. f3 Nd7 17. Nf1 Rfc8 18. Ne3 Nde5 19. Nxc6 Qxc6 20. Nc2 Qb7 21. f4
Nd7 22. Nd4 Bf6 23. Rad1 Rd8 24. Rd2 Rac8 25. Kg1 Qc7 26. Qg4 Kh8 27. Qh5 Kg8
28. Red1 Nc5 29. Qf3 Qb7 30. Re1 b5 31. cxb5 axb5 32. Qe2 b4 33. Rc2 Qb6 34. e5
dxe5 35. fxe5 Be7 36. Kg2 Nd7 37. Nf3 Qb7 38. Rxc8 Rxc8 39. Rd1 Nb6 40. Rc1 Nd5
41. Rxc8+ Qxc8 42. Bd4 h6 43. Qc4 Qa8 44. Qc2 Bg5 45. Kf2 Bd8 46. Qd2 Qa6 47.
Qe2 Qa5 48. Qc2 Bb6 49. Qc8+ Kh7 50. Qc2+ g6 51. Qd2 Bxd4+ 52. Nxd4 Nc3 53. Qf4
Qxa2+ 54. Kf3 Qa8+ 55. Kg4 Qb7 56. Kh3 Nd5 57. Qf3 Kg7 58. Nc2 Qc7 59. Qe2 Qc3
60. Qc4 Qxe5 61. Qd3 Kg8 62. Nd4 Ne3 63. g4 Qf4 64. Qe2 Qxd4 65. Qf3 Kg7 66. g5
hxg5 67. Kg3 Qh4# 0-1

[Event "46th Sparkassen Open"]
[Site "Dortmund GER"]
[Date "2018.07.18"]
[Round "5.17"]
[White "Melde, Benjamin"]
[Black "Schroeder, Joerg"]
[Result "1-0"]
[WhiteElo "2108"]
[BlackElo "1970"]
[WhiteFideId "12958816"]
[BlackFideId "24635677"]
[EventDate "2018.07.14"]

1. c4 c5 2. g3 g6 3. Bg2 Bg7 4. Nc3 Nc6 5. a3 e6 6. b4 d6 7. Rb1 Nge7 8. e3 O-O
9. Nge2 e5 10. d3 Bf5 11. b5 Na5 12. O-O Rb8 13. h3 Qd7 14. Kh2 b6 15. e4 Be6
16. Qc2 f5 17. exf5 Nxf5 18. Nd5 Rf7 19. Be3 Rbf8 20. Nec3 Kh8 21. a4 Nb7 22.
Qd2 Nd4 23. Bxd4 cxd4 24. Ne4 Bxd5 25. cxd5 Nc5 26. Nxc5 dxc5 27. Be4 Qd6 28.
Kg2 Rc8 29. Rbc1 Qf8 30. Qe2 Bh6 31. Rc2 Qe7 32. h4 Rcf8 33. Rh1 Kg7 34. Qg4 Qf6
35. Re2 Rc7 36. Rc2 Rfc8 37. h5 Qg5 38. Qe6 Rf8 39. hxg6 hxg6 40. Rh4 Rf6 41.
Qh3 Rd6 42. Rg4 Qe7 43. Qh5 g5 44. f4 exf4 45. gxf4 Qxe4+ 46. dxe4 d3 47. Rc3 c4
48. fxg5 d2 49. gxh6+ Kh7 50. Qf5+ 1-0